000 01424cam a2200349 a 4500
001 37451
005 20230410115901.0
008 940714s1994 nyua i100 0 eng d
035 _9(DLC) 94205316
035 _a3498082
942 _2lcc
_cbk
010 _a 94205316
020 _a9211512611
035 _a(OCoLC)30762568
040 _aMdBJ-W
_cMdBJ-W
_dOCoLC
_dDLC
042 _alccopycat
050 1 4 _aHQ 1061
_bU58 1994
082 0 0 _a305.26
_220
111 2 _aUnited Nations International Conference on Ageing Populations in the Context of the Family
_d(1990 :
_cKitakyūshū, Japan)
245 1 0 _aAgeing and the family :
_bproceedings of the United Nations International Conference on Ageing Populations in the Context of the Family, Kitakyushu (Japan), 15-19 October 1990.
260 _aNew York :
_bUnited Nations,
_c1994.
300 _axii, 238 p. :
_bill. ;
_c28 cm.
500 _aAt head of title: Department for Economic and Social Information and Policy Analysis.
500 _aST/ESA/SER.R/124.
500 _a"United Nations publication sales No. E.94.XIII.4"--T.p. verso.
650 0 _aOlder people
_xSocial conditions
_vCongresses.
650 0 _aOlder people
_xFamily relationships
_vCongresses.
650 0 _aFamily
_vCongresses.
710 2 _aUnited Nations.
_bDept. for Economic and Social Information and Policy Analysis.
920 _a**LC HAS REQ'D # OF SHELF COPIES**
922 _aco
999 _c49801
_d49801